000 00391 a2200169 4500
001 74118
020 _a9788508119424
040 _cAnchieta - Colégio São Paulo
100 _aGewandsznajder, Fernando
240 1 0 _aCiências 8º ano
_lpor
245 1 0 _aCiências 8º ano
300 _a256
362 0 _a2008
440 1 _aÁtica
650 4 _aCiência da vida - Biologia
942 _cBK
999 _c74118
_d74118